000
00305nam a2200121Ia 4500
008
190216s9999||||xx |||||||||||||| ||und||
100
_a
Mathew Km
245
0
_a
"Manorama Year Book 1995,1996,1997,1998,1999"
260
_b
Manorama Publishing House
300
_a
640
650
_a
References
942
_c
REF
999
_c
36218
_d
36218